000 00743cam a2200253 i 4500
999 _c2872
_d2872
001 1309974
003 OSt
005 20181019094811.0
008 780223s1976 enka b 000 0 eng
010 _a 77376744
015 _aGB77-18542
020 _a0340211261 :
_c£0.70
040 _aDLC
_cDLC
_dDLC
050 0 0 _aBT1102
_b.G745
082 0 0 _a248.4
_bG795Y
100 1 _aGreen, Michael,
_d1930-
245 1 0 _aYou must be joking :
_bpopular excuses for avoiding Jesus Christ /
_cby Michael Green.
260 _aLondon :
_bHodder and Stoughton,
_c1976.
300 _a159 p. :
_bill. ;
_c18 cm.
504 _aBibliography: p. [157]-159.
650 0 _aApologetics.
906 _a7
_bcbc
_corignew
_d3
_encip
_f19
_gy-gencatlg
942 _2ddc
_cBK